[Event "Krefeld op"]
[Site "Krefeld"]
[Date "2023.08.06"]
[Round "9"]
[White "Gierhardt, Vito"]
[Black "Kryvosheia, Roman"]
[Result "1/2-1/2"]
[WhiteElo "1664"]
[BlackElo "1668"]
[PlyCount "76"]
[EventDate "2023.08.02"]
[EventType "swiss"]
[EventRounds "9"]
[EventCountry "GER"]
[SourceTitle "CBM 215 Extra"]
[Source "ChessBase"]
[SourceDate "2023.09.30"]
[SourceVersion "1"]
[SourceVersionDate "2023.09.30"]
[SourceQuality "1"]

1. e4 e6 2. d3 b6 3. Nf3 Bb7 4. g3 Ne7 5. Bg2 d5 6. Nbd2 c5 7. 0-0 Nbc6 8. Re1 dxe4 9. dxe4 Qd7 10. Nc4 Qxd1 11. Rxd1 Nc8 12. c3 b5 13. Nce5 Nxe5 14. Nxe5 Bd6 15. Nd3 Nb6 16. Be3 c4 17. Nc5 Bxc5 18. Bxc5 Na4 19. Ba3 Rd8 20. Rxd8+ Kxd8 21. Rd1+ Kc8 22. Kf1 Rd8 23. Rxd8+ Kxd8 24. Ke2 Kd7 25. Ke3 e5 26. f4 f6 27. Bf3 Kc6 28. Bg4 Nc5 29. fxe5 fxe5 30. Bxc5 Kxc5 31. Be6 Bc6 32. Bg8 h6 33. Bh7 Bd7 34. Kf3 Be6 35. Bg6 a5 36. g4 b4 37. Bf5 Bf7 38. h4 g5 1/2-1/2

[Event "Krefeld op"]
[Site "Krefeld"]
[Date "2023.08.03"]
[Round "2"]
[White "Kryvosheia, Roman"]
[Black "Golke, Philipp"]
[Result "1-0"]
[WhiteElo "1668"]
[BlackElo "1347"]
[PlyCount "55"]
[EventDate "2023.08.02"]
[EventType "swiss"]
[EventRounds "9"]
[EventCountry "GER"]
[SourceTitle "CBM 215 Extra"]
[Source "ChessBase"]
[SourceDate "2023.09.30"]
[SourceVersion "1"]
[SourceVersionDate "2023.09.30"]
[SourceQuality "1"]

1. d4 d5 2. Nf3 Nf6 3. g3 e6 4. Bg2 Nbd7 5. 0-0 Be7 6. c4 c6 7. Qc2 dxc4 8. Nbd2 Nb6 9. Nxc4 Nxc4 10. Qxc4 Bd7 11. Qd3 h5 12. Rd1 Nd5 13. e4 Nc7 14. h4 0-0 15. Bf4 g6 16. Rac1 Na6 17. Ne5 Bf6 18. a3 Rc8 19. Nc4 Be7 20. e5 Be8 21. Bh6 f6 22. Bxf8 Kxf8 23. Qe3 fxe5 24. Qh6+ Kg8 25. Bh3 Nc7 26. dxe5 Bd7 27. Qxg6+ Kf8 28. Rc3 1-0